| 000 | 01440cam a2200397 a 4500 | ||
|---|---|---|---|
| 001 | 22028 | ||
| 003 | VRT | ||
| 005 | 20260317164331.0 | ||
| 008 | 240226s1995 xo r 000 f slo | ||
| 015 | _aSNBA1996/0401045 | ||
| 020 | _a8096725610 | ||
| 035 | _aSNK000067818 | ||
| 035 | _aurn:nbn:sk:snk-amk56z | ||
| 035 | _aurn:nbn:sk:snk-am004zri | ||
| 035 | _a6D81C5A5-531E-406C-83DB-88BF2C29B8C5 | ||
| 039 | 9 |
_a202402261602 _bVLOAD _c202205120752 _dVLOAD _c202107032030 _dcsnk01 _c202107032019 _dAUTHORITY |
|
| 040 |
_aSNK _bslo _aSNK _eAACR2 |
||
| 041 | 1 |
_aslo _hhun |
|
| 044 |
_axo _cSK |
||
| 080 |
_a894.511-3 _21981 |
||
| 100 | 1 |
_aMarsh, Evelyn, _d1933-2012 _4aut |
|
| 240 | 1 | 0 |
_aVihar a kórház felett _lSlovensky |
| 245 | 1 | 0 |
_aBúrka nad nemocnicou _cEvelyn Marshová ; [z maďarského originálu preložila Mária V. Bareková] |
| 260 |
_aBratislava _bAllegro _c1995 |
||
| 300 |
_a226 s. _c22 cm |
||
| 655 | 7 |
_amaďarské romány _2SNKPH |
|
| 700 | 1 |
_aBareková, Mária V., _d1951- _4trl |
|
| 910 | _asnk | ||
| 911 |
_aKN 1996/04 _b01045 |
||
| 942 |
_2ddc _cKLDO _n0 |
||
| 949 |
_64710701945 _astrmkB _bstrmk2008/1945 |
||
| 949 |
_9P60, <09>, [BOOK], {629} _asnkC 156 _bsnk291/960117 |
||
| 949 |
_617A0004588 _9P60, <03>, [BOOK], {603} _asnkSC 89858 _bsnkKSP 1269/96 _s6100:20140925 |
||
| 949 |
_617A0068542 _9P60, <05>, [BOOK], {605} _asnkSC 89858 D1 _bsnkKSP 1270/96 |
||
| 949 |
_6273K0214849 _asvkpoA 166967 _bsvkpo414535 _oPV 317/96 |
||
| 999 |
_c22028 _d22028 |
||